000 00552nam a2200193Ia 4500
999 _c10191
_d10191
003 OSt
005 20200104100844.0
008 190216s9999||||xx |||||||||||||| ||und||
020 _a8122409415
040 _coclc
082 _a332.4
_bVAI/M
100 _aVaish, M C
_9550
245 0 _aMoney, Banking, Trade And Public Finance /
_cM C Vaish
250 _a3rd ed.
260 _bNew Age International Publishers,
_c1996.
_aNew Delhi:
300 _a782p
650 _aEconomics
942 _cBK
_2ddc
_h332.4
_iVAI/M
_k332.4
_mVAI/M